Statistics for Random Countries Name in Chinese

Click here to take the quiz!

General Stats

  • This quiz has been taken 15 times
  • The average score is 23 of 25

Answer Stats

ChinesePinyinRegionEnglish% Correct
阿根廷ĀgēntíngSouth AmericaArgentina
93%
澳大利亚ÀodàlìyǎOceaniaAustralia
93%
巴西BāxīSouth AmericaBrazil
93%
埃及ĀijíNorth AfricaEgypt
93%
芬兰FēnlánNorth EuropeFinland
93%
印度YìndùSouth AsiaIndia
93%
意大利YìdàlìSouth EuropeItaly
93%
牙买加YámǎijiāCaribbeanJamaica
93%
马来西亚MǎláixīyàSoutheast AsiaMalaysia
93%
墨西哥MòxīgēNorth AmericaMexico
93%
新西兰XīnxīlánOceaniaNew Zealand
93%
巴拿马BānámǎCentral AmericaPanama
93%
索马里SuǒmǎlǐEast AfricaSomalia
93%
土耳其Tǔ'ěrqíWest AsiaTurkey
93%
土库曼斯坦Tǔkùmàn sītǎnCentral AsiaTurkmenistan
93%
美利坚合众国 (美国)Měilìjiān hézhòngguó (Měiguó)North AmericaUnited States
93%
越南YuènánSoutheast AsiaVietnam
93%
中国ZhōngguóEast AsiaChina
86%
斐济FěijìOceaniaFiji
86%
日本RìběnEast AsiaJapan
86%
波兰BōlánEast EuropePoland
86%
葡萄牙PútáoyáSouth EuropePortugal
86%
南非NánfēiSouthern AfricaSouth Africa
86%
尼日利亚NírìlìyǎWest AfricaNigeria
79%
俄罗斯ÈluósīEurasiaRussia
79%

Score Distribution

Percentile by Number Answered

Percent of People with Each Score

Your Score History

You have not taken this quiz